| 000 | 00449nam a2200181Ia 4500 | ||
|---|---|---|---|
| 001 | 4339 | ||
| 005 | 20260306145748.0 | ||
| 008 | 260306t2006||||xx |||||||||||||| ||spa|| | ||
| 041 | _aESP | ||
| 082 |
_a320.98 _bM22 2006 |
||
| 100 |
_aManrique, Luis Esteban _eAUT |
||
| 245 | 0 | _aDe la conquista a la globalización texto impreso | |
| 260 | _c2006 | ||
| 300 |
_a525 pƔginas : _ccm. |
||
| 650 | _aGEN | ||
| 654 | _aCDE | ||
| 942 |
_cLIB _dJUS _fJUS _2ddc _n |
||
| 999 |
_c4339 _d4339 |
||